| 000 | 00561nam a22001817a 4500 | ||
|---|---|---|---|
| 005 | 20150923124218.0 | ||
| 010 | _aENG-113729 | ||
| 020 |
_a9789383945030 _c300.00 |
||
| 035 | _aEN- 97261 | ||
| 037 | _bDBAD/PUB | ||
| 082 | _a546.03 | ||
| 245 |
_aDictionary of inorganic chemistry / _cedited & compiled by Rashmi Suri |
||
| 260 |
_aGreater Noida _bNucleus Books & Encyclopedia _c2015 |
||
| 270 |
_a2nd Floor, B-31, Pocket P3 _bGreater Noida _e201308 |
||
| 300 |
_a184p. _c22cm(pbk) |
||
| 700 | _aSuri, Rashmi | ||
| 942 |
_2ddc _cEN _mDIC _h546.03 |
||
| 999 |
_c95332 _d95332 |
||